Studies on blends of natural rubber and ethylene propylene diene rubber modified with phosphorylated cardanol prepolymer: Processability, physico-mechanical properties and morphology (Record no. 69554)

MARC details
000 -LEADER
fixed length control field 00526nam a2200121Ia 4500
100 ## - MAIN ENTRY--AUTHOR NAME
Personal name Menon A R R
245 #0 - TITLE STATEMENT
Title Studies on blends of natural rubber and ethylene propylene diene rubber modified with phosphorylated cardanol prepolymer: Processability, physico-mechanical properties and morphology
260 ## - PUBLICATION, DISTRIBUTION, ETC. (IMPRINT)
Name of publisher Proceedings of the Asia Rub Tech Expo, 23-25 November 2006, Indian Rubber Institute, Kochi. pp.108-109.
700 ## - ADDED ENTRY--PERSONAL NAME
Personal name Sonia T A
700 ## - ADDED ENTRY--PERSONAL NAME
Personal name Sudha J D
942 ## - ADDED ENTRY ELEMENTS (KOHA)
Koha item type Journals
Holdings
Withdrawn status Lost status Damaged status Not for loan Home library Current library Shelving location Date acquired Koha item type
      Journals RRII Library RRII Library Rubber chemistry 21/09/2006 Journals